| 000 | 00558cam a2200193 4500500 | ||
|---|---|---|---|
| 005 | 20260329003604.0 | ||
| 041 | _afre | ||
| 042 | _adc | ||
| 100 | 1 | 0 |
_aLegros, Martin _eauthor |
| 245 | 0 | 0 | _aExtension du domaine du choix |
| 260 | _c2016. | ||
| 500 | _a45 | ||
| 690 | _aChoix | ||
| 690 | _aphilo | ||
| 690 | _aphilosophie | ||
| 690 | _aRenata Salecl | ||
| 786 | 0 | _nPhilosophie magazine | 97 | 3 | 2016-03-01 | p. 22-23 | 1951-1787 | |
| 856 | 4 | 1 | _uhttps://shs.cairn.info/magazine-philosophie-magazine-2016-3-page-22?lang=fr&redirect-ssocas=7080 |
| 999 |
_c1825843 _d1825843 |
||